What year - People's health? - Statistics

General Stats
  • This quiz has been taken 42 times
  • The average score is 7 of 24
Answer Stats
Hint Answer % Correct
NHS founded 1948
83%
The Black Death reaches England 1348
67%
First Public health act 1848
58%
Beginning of Spanish Influenza in Britain 1918
50%
AIDS first identified (in US) 1981
50%
The Great (and last) Plague 1665
42%
Clean air act 1956
42%
Edwin Chadwick's report 1842
33%
The "Great stink" 1858
33%
Second public health act 1875
33%
Seebohm Rowentree's report 1901
33%
National Insurance act 1911
33%
Equal pay act 1970
33%
First law on Gin (lisence/taxes) 1729
25%
Final Gin act 1751
25%
Pasteur publishes germ theory 1861
17%
Second reform act 1867
17%
Hosing and town planning act 1919
17%
Warden appointed to check streets of London for filth 1385
8%
Mayor of London organises extension of water pipes (decade) 1430s
8%
York introduces taxes to support quarantined people 1550
8%
First Gin act 1736
8%
Charles Booth's report 1889
8%
Shrewsbury taxes filthy market places 1301
0%
No matching quizzes found
Score Distribution
Percent of People with Each Score
Percentile by Number Answered
Your Score History
You have not taken this quiz